Catálogo
 En Linea
Vista normal Vista MARC

Entrada Nombre corporativo

Número de registros utilizados en: 1

001 - NÚMERO DE CONTROL

  • campo de control: 68963

003 - IDENTIFICADOR DEL NÚMERO DE CONTROL

  • campo de control: OSt

005 - FECHA Y HORA DE LA ÚLTIMA TRANSACCIÓN

  • campo de control: 20200615035832.0

008 - DATOS DE LONGITUD FIJA

  • campo de control de longitud fija: 200615|| aca||aabn | a|a d

040 ## - FUENTE DE LA CATALOGACIÓN

  • Centro catalogador/agencia de origen: OSt
  • Centro/agencia transcriptor: OSt

110 ## - ENCABEZAMIENTO-NOMBRE DE ENTIDAD CORPORATIVA

  • Nombre de entidad corporativa o nombre de jurisdicción como elemento de entrada: International Organization for Septuagint and Cognate Studies.
  • Unidad subordinada: Congress
  • Fecha del congreso/reunión o de la firma de un tratado: (1983:26-27 agosto
  • Número del congreso/reunión o número de parte o sección: 5º. :
  • Sede del congreso/Lugar de la reunión: Salamanca, España)

670 ## - FUENTE DE DATOS ENCONTRADOS

  • Cita de la fuente: Work cat.: (OSt)41504: International Organization for Septuagint and Cognate Studies. Congress (1983:26-27 agosto 5º. : Salamanca, España), La septuaginta en la investigación contemporanea /, 1985.

Con tecnología Koha